Microprocessor, Microcontroller and peripheral Data / (Record no. 189182)
[ view plain ]
| 000 -LEADER | |
|---|---|
| fixed length control field | 00569 a2200145 4500 |
| 003 - CONTROL NUMBER IDENTIFIER | |
| control field | Nust |
| 005 - DATE AND TIME OF LATEST TRANSACTION | |
| control field | 20220725183051.0 |
| 040 ## - CATALOGING SOURCE | |
| Transcribing agency | Nust |
| 082 ## - DEWEY DECIMAL CLASSIFICATION NUMBER | |
| Classification number | 004.165,MOT |
| 245 ## - TITLE STATEMENT | |
| Title | Microprocessor, Microcontroller and peripheral Data / |
| Remainder of title | A Broad Spestrum of Design Solutions (Volume ii) |
| 260 ## - PUBLICATION, DISTRIBUTION, ETC. | |
| Place of publication, distribution, etc. | U.S.A |
| Name of publisher, distributor, etc. | Motorola |
| Date of publication, distribution, etc. | 1988 |
| 300 ## - PHYSICAL DESCRIPTION | |
| Extent | 31900 p.: |
| 505 ## - FORMATTED CONTENTS NOTE | |
| Formatted contents note | Motorola’s Microprocessor and Microcontroller Families. Reliability and Quality Summary. Data Sheets. Data Sheets. Mechanical Data. Evaluation Modules. Product Ordering Forms. |
| 942 ## - ADDED ENTRY ELEMENTS (KOHA) | |
| Source of classification or shelving scheme | |
| Koha item type | Book |
| Call number prefix | 004.165,MOT |
| Withdrawn status | Lost status | Source of classification or shelving scheme | Damaged status | Not for loan | Permanent Location | Current Location | Shelving location | Date acquired | Full call number | Barcode | Date last seen | Price effective from | Koha item type | Public note |
|---|---|---|---|---|---|---|---|---|---|---|---|---|---|---|
| Military College of Signals (MCS) | Military College of Signals (MCS) | General Stacks | 12/12/2016 | 004.165,MOT | MCS34948 | 12/08/2016 | 12/12/2016 | Book | Almirah No.2, Shelf No.2 |
